Statistiques concernant Culture générale #11

Cliquez ici pour prendre le quiz!

Statistiques générales

  • Ce quiz a été pris 476 fois
  • Le résultat moyen est 7 sur 15

Statistiques - réponses

Hint Answer % Correct
Que collectionne un philatéliste?timbres
90%
Qui prononce la réplique "Quoi de neuf docteur?" en croquant une carotte?Bugs Bunny
86%
Quels fruits sont les gariguettes et les maras des bois?fraises
81%
Dans quelle ville se trouve le pont des soupirs?Venise
77%
Petit oiseau de nouvelle zelande qui ne vole pas, je suis le?kiwi
73%
Quelle ancienne province française est célèbre pour sa bête?Gévaudan
69%
Quelle moutarde japonaise est faite avec du raifort?wasabi
62%
Comment s’appelait l'avion ayant largué la première bombe atomique?Enola gay
31%
Johnny B.Goode est une chanson de?Chuck Berry
30%
Johan et Pirlouit sont deux personnages créés par?Peyo
27%
Qui a écrit les aventures de Tom Bombadil?Tolkien
26%
Qui est le saint patron des voyageurs?saint christophe
25%
Dans quel film des extra-terrestres attaquent ils une ferme isolé?Signes
17%
Quel modèle de voiture pilote Steve Mcqueen dans Bullitt?mustang
17%
Comment s'appelle le robot le plus fort du monde?Astro
8%

Distribution des résultats

Percentile par nombre de réponses

% des personnes avec chaque résultat

Votre développement - résultats

Vous n’avez pas pris ce quiz